000 00328nam a2200145Ia 4500
003 OSt
008 191201s2012 xx 000 0 und d
082 _a620.11
_bJIS
100 _aJINDAL, U C
245 0 _aStrength of Materials
260 _aNew Delhi
_bPearson
_c2012
300 _a863
650 _aB.Tech(ME)
942 _2ddc
_cBK
999 _c6143
_d6143